Kiberbiztonság a vállalatok világában
| Szerző: | |
|---|---|
| További közreműködők: | |
| Dokumentumtípus: | Diplomadolgozat |
| Kulcsszavak: | Európai Unió információbiztonság - adatbiztonság kiberbiztonság Magyarország mesterséges intelligencia vállalatok |
| Online Access: | http://dolgozattar.uni-bge.hu/58639 |
MARC
| LEADER | 00000nta a2200000 i 4500 | ||
|---|---|---|---|
| 001 | dolg58639 | ||
| 005 | 20251027142145.0 | ||
| 008 | 251027suuuu hu om 000 hun d | ||
| 040 | |a BGE Dolgozattár Repozitórium |b hun | ||
| 041 | |a hu | ||
| 100 | 1 | |a Sándor Hanna | |
| 245 | 1 | 0 | |a Kiberbiztonság a vállalatok világában |c Sándor Hanna |h [elektronikus dokumentum] |
| 520 | 3 | |a Szakdolgozatomban a hazai vállalkozások kiberbiztonsági helyzetét mutatom be, kitérve a magyarországi és uniós szabályozásokra, a kibertérben leselkedő veszélyekre, a COVID-19 időszakra és a mesterséges intelligenciára. A hazai vállalkozások helyzetét egy vállalkozás kiberbiztonságán keresztül szemléltetem, illetve egy alkalmazottak számára készült kérdőívvel az ő oldalukról is bemutatom. A vállalkozás informatikusával folytatott interjúból kiderült, hogy a kis- és középvállalkozások számára nem biztos, hogy szükséges sokat költeni kiberbiztonsági intézkedésekre, mivel nem érné meg nekik. Fény derült arra is, hogy az informatikus a rengeteg védelmi rendszer közül a nagyon fontos dolgokat csak is papír alapon egy széfben tárolná. Ez viszont biztonsági követelmény, valamint az is, hogy az adatokról minimum kettő digitális másolatot is meg kell őrizni. A szakdolgozatom egyik legfontosabb megállapítása, hogy egy vállalkozás kiberbiztonságával nem elég, ha csak a vállalkozás illetékes személyei foglalkoznak, az alkalmazottaknak is tudatosítaniuk kell a veszélyeket. Ennek érdekében készítettem egy kérdőívet az alkalmazottak számára. Megállapítottam, hogy fejlesztésre szorulnak a kiberbiztonsági képzések, amelyeken a vállalkozásoknak kell javítania, illetve, hogy az alkalmazottaknak is van még rengeteg tanulni valójuk. | |
| 695 | |a Európai Unió | ||
| 695 | |a információbiztonság - adatbiztonság | ||
| 695 | |a kiberbiztonság | ||
| 695 | |a Magyarország | ||
| 695 | |a mesterséges intelligencia | ||
| 695 | |a vállalatok | ||
| 700 | 1 | |a Baranyiné Kovács Zsuzsanna |e ths | |
| 700 | 1 | |a Nagy Dr. Milada |e ths | |
| 856 | 4 | 0 | |u http://dolgozattar.uni-bge.hu/58639/1/SZAKDOLGOZAT_Sandor_Hanna.pdf |z Dokumentum-elérés |
| 856 | 4 | 0 | |u http://dolgozattar.uni-bge.hu/58639/2/Sandor_Hanna_kulso_konzulens_ertekelese.pdf |z Dokumentum-elérés |
| 856 | 4 | 0 | |u http://dolgozattar.uni-bge.hu/58639/3/B%C3%ADr%C3%A1lat%20-%20S%C3%A1ndor%20Hanna.pdf |z Dokumentum-elérés |